MDQL
is popping MORE tags! Check the
thread
!
Quizzes
Events
Quiz Creation
Community
Videos
Private Events
Remove Ads
Sign In
Join for FREE
Feedback
Dark Mode
Quiz Categories
Sports
Geography
Music
Movies
Television
Just For Fun
Miscellaneous
History
Literature
Language
Science
Gaming
Entertainment
Religion
Holiday
For Kids
Quiz Lab
Recent
Popular Today
Quiz Kudos Today
Editor Picks
Curator Picks
Quizzes by...
Day
Popularity
Type
Ratings
Length
Year
Community
Subscriptions
Recent Discussions
Orange Saloon
Badges
Playlists
Quests
Create
Leaderboards
Showdown
Live 5
Trivia Bingo
Activity
Puzzle Library
Sporcle Events
Private Events
Virtual Trivia
Globe League
Become a Host
Pub Owners
SporcleCon
Opinionation
Our Games
Videos
Blog
Mobile Apps
Partnerships
Remove Ads and Go Orange
Feedback
Geography
Country
Landmarks
City
State
Population
World
Capital
Continent
Flags
Europe
Africa
Asia
South America
North America
Oceania
Border
Canada
United Kingdom
Topography
United States
Geography
Country
Landmarks
City
State
Population
World
Capital
Continent
Flags
Europe
Africa
Asia
South America
North America
Oceania
Border
Canada
United Kingdom
Topography
United States
Random Quiz
Search Sporcle
×
Quiz Lab
Quiz Lab
Geography
Minefield
Type in answers that appear in a list
Type in answers that appear in a list
Classic
Best Score? Go Orange.
Top Importers Worldwide Minefield Stats
Can you name the top 25 importers worldwide without naming any ranked 26-50?
By
antwan244
10m
26 Questions
380 Plays
380 Plays
380 Plays
Comments
Comments
Give Quiz Kudos
Give Quiz Kudos
-
- Ratings
hide this ad
More Info
Minefield
Wrong answers will end the quiz
Wrong answers will end the quiz
Wrong Answers
Some wrong answers will appear in red
Some wrong answers will appear in red
Replay
Link that replays current quiz
Next Quiz
Link to next quiz in quiz playlist
You Got
0%
They Got
Avg Score
41%
Avg Friend Score
Upgrade to see
Score Distribution
Jump to the score distribution portion of the page
Score
0/26
Timer
10:00
0
Plays Today
Rank
Country
% Correct
1
???
83.2%
6
???
77.9%
2
???
75%
5
???
72.1%
3
???
68.9%
4
???
68.2%
7
???
63.7%
12
???
63.7%
10
???
60.8%
17
???
57.6%
11
???
56.3%
20
???
56.3%
14
???
46.8%
Rank
Country
% Correct
9
???
44.5%
19
???
40.5%
8
???
30.3%
21
???
22.4%
23
???
19.7%
15
???
17.6%
16
???
15.8%
18
???
12.9%
13
???
11.1%
24
???
8.9%
22
???
6.8%
25
???
5.5%
Mine
???
0%
Quiz Playlist
Details
Report
Send in Message
Add To Playlist
More Info:
If there are any mistakes please tell me in the comments so i can fix them as soon as possible. Thanks and good luck!
Classic:
Type in answers that appear in a list
Minefield:
Wrong answers will end the quiz
Wrong Answers:
Some wrong answers will appear in red
Quiz Source
Last Updated: Feb 16, 2017
Quiz Scoreboard
CHALLENGE
Sign Up to Join the Scoreboard
Show All
Scores
Hide
Comments
May contain spoilers
Recently Published
Holiday 10x10 Sorting Gallery
by lukepisani3
Holiday
15m
Two Season TV Shows II
by 123Four
Television
10m
Image Sorting: Flags VI
by Barbecue
Geography
2m
More to Explore
Quiz From the Vault
Featured Blog Post
14 Easter Pick-up Lines to Find Eggs With
hide this ad
You Might Also Like...
Tags
Country Quiz
Minefield Quiz
World Quiz
import
Top 25
Worldwide
Today's Top Quizzes in Geography
Browse Geography
hide this ad
Today's Top Quizzes in Minefield
Browse Minefield
Top Contributed Quizzes in Geography
1
Colored Red Europe Blitz I
2
Countries of the World - No Outlines Minefield
3
Colored Red Africa Blitz II
4
Colored Red Europe Blitz II
5
Colored Red Europe Blitz III
6
Colored Red Africa Blitz III
7
Colored Red States Blitz I
8
Colored Red States Blitz II
9
A Different View: World Oceans
10
Colored Red States Blitz III
Explore More
Trending Topics
Disney
NBA
Crossword
Harry Potter
Kpop
Marvel
Anime
Puzzle
WWE
Soccer
Pokémon
Country
The Office
NFL
Song
hide this ad
More By:
antwan244
Quiz
Plays
Rating
Category
Featured
Created
Resturant or Product By Slogan Blitz
508
4.00
Miscellaneous
Jul 7, 2011
Top Importers Worldwide Minefield
380
3.86
Geography
Sep 18, 2011
New Year's Resolutions
279
3.00
Holiday
Dec 30, 2012
twenty most populous u.s states
162
3.20
Geography
Jun 30, 2011
Most Popular Candy in America
109
3.00
Miscellaneous
Jan 7, 2012
Go to Creator's Profile
Score Distribution
Quiz Creator Spotlight
antwan244
Follow
Send a Message
Quizzes Created
-
Created Quiz Play Count
-
More By This Creator
Popular Quizzes Today
1
Find the US States - No Outlines Minefield
2
Colored Red Africa Blitz
3
Find the 'City' Movie
4
The Countries of the World
5
5x2 Blitz: Bands
6
Find the Countries of Europe - No Outlines Minefield
7
Find the US States
8
US States
More Geography Quizzes
Bordering 'H' Countries on a Map
Published
Trending Quizzes
Colored Red Europe Blitz I
Colored Red Africa Blitz II
Colored Red Europe Blitz II
Even More Two Season TV Shows
Colored Red Africa Blitz III
Recently Updated
Quick Pick: 20 Twenties
pecheneg
March Madness Men's Triple Doubles
pecheneg
How Do You Spell That?
pecheneg
Godzilla Movies
pecheneg
Grab Bag: 4-10 Letters
pecheneg
2024 March Madness Bracket
pecheneg
Famous TV Couples
Peacemaker
Champions League XIs: Real Madrid
pecheneg
Largest US Cities 1790-2010
pecheneg
Rides in Walt Disney World
pecheneg
Trending Topics
Harry Potter
Crossword
Anime
Disney
Kpop
NBA
Marvel
Country
The Office
Puzzle
Soccer
WWE
NFL
Song
Pokémon
Your Account Isn't Verified!
In order to create a playlist on Sporcle, you need to verify the email address you used during registration. Go to your
Sporcle Settings
to finish the process.
Report this User
Report this user for behavior that violates our
Community Guidelines
.
Details:
Send Report
Go to the Sporcle.com Mobile Site →
Comments